01842nam a2200241Ia 4500008004100000040001800041041000800059100002100067242011100088245008600199246010600285260005500391300002400446500062900470500002201099505033201121506002201453546003401475650001201509650001601521650003201537651003101569130821s1886 fr gr fre  aCo-BoUCMbspa0 afre1 aConstant, Martha00aTraducción del Título: Los filósofos y poetas moralistas del Imperio Romanocpor Marta Constantyspa10aLes moralistes sous l'empire Romain. Philosophes et poètescpar Constant Martha13aTraducción del Título: Los filósofos y poetas moralistas del Imperio Romanocpor Marta Constant aParís (Francia)bLibrairie Hachette et Ciec1886 aviii, 384 páginas aDetalles físicos: Encuadernación rígida en cartón duro forrado en tela texturizada. Lomo con tejuelo de piel color verde, letras y líneas decorativas en dorado. Guardas. Anteportada. Portada sencilla, impresa a una sola tinta. Texto impreso en una sola columna. Algunas notas de pie de página. Cortes decorados de color azul. Papel con algunas manchas. La anteportada empieza a desprenderse. Ejemplar en buen estado de conservación. En la portada un sello de tinta que dice: "El Colegio de Nuestra Señora del Rosario". En la guarda posterior un pequeño sello en inglés que dice: "Encuadernado por Mudie". aIncluye índice.0 aPrólogos. ; La moral práctica en las Cartas de Séneca. ; Un poeta estoico: Aulo Persio Flaco. ; La virtud estoica: Epicteto. ; Examen de conciencia de un Emperador romano: Marco Aurelio. ; La enseñanza moral popular: Dion Crisóstomo. ; La sociedad romana: Juvenal. ; El escepticismo religioso y filosófico: Luciano. aConsulta en sala. aTexto en francés y latín.04aÉtica04aFilosofía04aFilosofíaxHistoriazRoma04aRoma (Italia)xFilósofos